| 000 | 00000nam 2200000zi 4500 |
| 001 | 9.917095 |
| 003 | CaOODSP |
| 005 | 20240725094605 |
| 006 | m o d f |
| 007 | cr mn||||||||| |
| 008 | 221108t20232023onca o f000 0 eng d |
| 020 | |a9780660461915 |
| 040 | |aCaOODSP|beng|erda|cCaOODSP |
| 043 | |an-cn--- |
| 045 | |ay2y2 |
| 086 | 1 |aM144-311/2022E-PDF |
| 245 | 00|aCanadians' awareness, knowledge and attitudes related to zero emission vehicles (ZEVs) - 2022 : |bfinal report / |cprepared for Natural Resources Canada. |
| 246 | 3 |aCanadians' awareness, knowledge and attitudes related to zero emission vehicles (ZEVs) : |bfinal report |
| 264 | 1|a[Ottawa] : |bNatural Resources Canada = Ressources naturelles Canada, |c2023. |
| 264 | 4|c©2023 |
| 300 | |a1 online resource (73 pages) : |bcolour illustrations + |esummary (9 pages) |
| 336 | |atext|btxt|2rdacontent |
| 337 | |acomputer|bc|2rdamedia |
| 338 | |aonline resource|bcr|2rdacarrier |
| 500 | |aIssued also in French under title: Sensibilisation, connaissances et attitudes des Canadiens par rapport aux véhicules à émission zéro (VEZ) - 2022 : rapport final. |
| 500 | |aCover title. |
| 500 | |a"Supplier: EKOS RESEARCH ASSOCIATES INC." |
| 500 | |a"Contract Number: CW2237892." |
| 500 | |a"Registration Number: POR 028-22." |
| 500 | |a"Date: February 14, 2023." |
| 500 | |aThe publication files in PDF format were replaced on 12 April 2024 as requested by Natural Resources Canada. |
| 650 | 0|aElectric vehicles|zCanada|xPublic opinion. |
| 650 | 0|aPublic opinion|zCanada. |
| 710 | 1 |aCanada. |bNatural Resources Canada, |eissuing body. |
| 710 | 2 |aEkos Research Associates, |econsultant. |
| 775 | 08|tSensibilisation, connaissances et attitudes des Canadiens par rapport aux véhicules à émission zéro (VEZ) - 2022 : |w(CaOODSP)9.917096 |
| 794 | |tCanadians' awareness, knowledge and attitudes related to zero emission vehicles (ZEVs) - 2024 : |b2024|w(CaOODSP)9.934756 |
| 795 | |tCanadians' awareness, knowledge and attitudes related to zero emission vehicles (ZEVs) : |w(CaOODSP)9.905106 |
| 856 | 40|qPDF|s1.56 MB|uhttps://publications.gc.ca/collections/collection_2023/rncan-nrcan/M144-311-2022-eng.pdf|z(final report) |
| 856 | 40|qPDF|s907 KB|uhttps://publications.gc.ca/collections/collection_2023/rncan-nrcan/M144-311-2022-1-eng.pdf|z(summary) |
| 856 | 4 |qHTML|sN/A|uhttps://epe.bac-lac.gc.ca/100/200/301/pwgsc-tpsgc/por-ef/natural_resources/2023/028_22-e/POR028-22-report.html|z(final report) |
| 856 | 4 |qHTML|sN/A|uhttps://epe.bac-lac.gc.ca/100/200/301/pwgsc-tpsgc/por-ef/natural_resources/2023/028_22-e/summary/POR028-22-summary.html|z(summary) |